Phrasals #1 - Statistiques

Statistiques générales
  • Ce quiz a été pris 3 fois
  • Le résultat moyen est 3 sur 31
Statistiques - réponses
Hint Réponse % Correct
pass away mourir
100%
join in rejoindre
100%
make fun of se moquer de
67%
look up to admirer
0%
jot down annoter
0%
look foward to anticiper
0%
block off baricader
0%
kick off commencer
0%
break out commencer soudainement
0%
join up devenir membre
0%
ease off diminuer
0%
get rid of éliminer
0%
burn out être très épuisé
0%
think over étudier une situation
0%
Account for expliquer
0%
work out faire de l'exercice
0%
butt in (on something) interrompre
0%
get by parvenir à
0%
pass out perdre conscience
0%
black out perdre conscience
0%
beef up rendre plus impressionant
0%
put off reporter
0%
tell off réprimender
0%
nod off s'endormir
0%
come foward se présenter
0%
drag on s'éterniser
0%
break out of s'évader
0%
fall through tomber à l'eau
0%
come across trouver par hazard
0%
wear out user
0%
use up utiliser jusqu'à épuisement
0%
Aucun quiz correspondant
Distribution des résultats
% des personnes avec chaque résultat
Percentile par nombre de réponses
Votre historique - résultats
Vous n’avez pas pris ce quiz